| 000 | 00632nam a22001937a 4500 | ||
|---|---|---|---|
| 005 | 20241004144028.0 | ||
| 010 | _aENG-141903 | ||
| 020 |
_a9789395116411 _c895.00 |
||
| 035 | _aEN-125435 | ||
| 037 | _aDBAD | ||
| 082 | _21 | ||
| 245 |
_aNani Palkhivala: _bEarly Writings (1937-1947)/ _cEdited by Rashmi Palkhivala |
||
| 260 |
_aGurgaon _bLexisNexis _c2012(repr.) |
||
| 270 |
_a14th Floor Building No.10, Tower-B, DLF Cyber City, Phase-II, _bGurgaon _e122002 |
||
| 300 |
_axxxv,449p. _c22cm(hb) |
||
| 500 | _aIncludes index | ||
| 700 |
_aPalkhivala, Rashmi _eEditor _972387 |
||
| 942 |
_2ddc _cEN _mNAN _h349.54 |
||
| 999 |
_c206113 _d206113 |
||